| 000 | 00471 a2200157 4500 | ||
|---|---|---|---|
| 020 | _a 8121900093 | ||
| 022 | _a 8121900093 | ||
| 082 | _a428 | ||
| 100 | _aWren, P. C. | ||
| 245 |
_aHigh School English Grammar and Composition _cP.C.Wren |
||
| 260 |
_aNew Delhi: _bS. Chand & Company Ltd., _c2002. |
||
| 300 |
_ax, 482 p. ; _c25 cm. |
||
| 500 | _aIncludes Index | ||
| 650 | _a1.English language--Grammar.2.English language--composition and exercises. | ||
| 942 |
_cBK _k428 WRE |
||
| 999 |
_c4760 _d4760 |
||